Lateinische Stammformen: i-Konjugation - Statistiken

Allgemein
  • Dieses Quiz wurde 2 mal gespielt
  • Das Durchschnittsergebnis liegt bei 5 aus 10
Antwortstatistiken
Hint Antwort % Korrekt
advenire advenio, adveni, adventum
100%
assentiri assentior, assensus sum
100%
convenire convenio, conveni, conventum
100%
esurire esurio
100%
ferire ferio
100%
invenire invenio, inveni, inventum
100%
moliri molior, molitus sum
100%
sortiri sortior, sortitus sum
100%
venire venio, veni, ventum
100%
dissentire dissentio, dissensi, dissensum
50%
amicire amicio, -, amictum
0%
aperire aperio, aperui, apertum
0%
audire audio, audivi, auditum
0%
blandiri blandior, blanditus sum
0%
comperire comperio, comperi, compertum
0%
consentire consentio, consensi, consensum
0%
desilire desilio, desilui
0%
experiri experior, expertus sum
0%
farcire farcio, farsi, fartum
0%
fulcire fulcio, fulsi, fultum
0%
haurire haurio, hausi, haustum
0%
largiri largior, largitus sum
0%
mentiri mentior, mentitus sum
0%
metiri metior, mensus sum
0%
operire operio, operui, opertum
0%
opperiri opperior, oppertus sum
0%
ordiri ordior, orsus sum
0%
partiri partior, partitus sum
0%
pervenire pervenio, perveni, perventum
0%
potiri potior, potitus sum
0%
refercire refercio, refersi, refertum
0%
reperire reperio, repperi, repertum
0%
saepire saepio, saepsi, saeptum
0%
salire salio, salui
0%
sancire sancio, sanxi, sanctum
0%
sarcire sarcio, sarsi, sartum
0%
sentire sentio, sensi, sensum
0%
sepelire sepelio, sepelivi, sepultum
0%
vincire vincio, vinxi, vinctum
0%
Keine übereinstimmenden Quizze gefunden
Verteilung der Resultate
Anzahl Personen mit jedem Resultat
Perzentil nach korrekt beantworteten Fragen
Ihre Resultats-Entwicklung
Sie haben dieses Quiz noch nicht gespielt